000 01839cam a2200349 i 4500
001 18849
003 CO-MdFUSB
005 20221022101634.0
008 221022t2001 sp ||||| |||| 00| 0 spa d
020 _a84-89651-93-0
040 _bspa.
_aCO-MdFUSB
_cCO-MdFUSB
_dCO-MdFUSBC
_erda
041 _aspa
082 0 4 _a220.7
_bO236b v8
100 1 _aEdwards, Mark J.
_eautor
245 1 0 _aLa Biblia comentada por los padres de la Iglesia y otros autores de la época patrística : Nuevo testamento : Gálatas, Efesios, Filipenses /
_c/ Mark J.Edwards ; editor general Thomas C. Oden ; director de la edición en castellano Marcelo Merino Rodríguez ; traducido por María Inmaculada Berlanga...(et. al.)
264 1 _aMadrid :
_bCiudad Nueva,
_c[2001]
264 4 _c© 2001
300 _a348 páginas
_c;
336 _2rdacontent
_atexto
_btxt
337 _2rdamedia
_asin mediación
_bn
338 _2rdacarrier
_avolumen
_bnc
500 _atítulo original en ingles : Galatians, Ephesians, Philippians (Ancient Christian Commentary on Scripture) \ La Biblioteca tiene toda la colección del Nuevo Testamento que va del volumen 1a al volumen 12 y los volúmenes 1, 2, 4, 7, 10, 12, 13 y 16 del Antiguo Testamento. \ Incluye Glosario de autores y obras -- Índice de autores y obras antiguos -- Índice temático -- Incluye Índice bíblico
501 _apasta dura
505 _aGuía para usar este comentario -- Abreviaturas y Siglas -- Bibliografía de autores y obras -- Introducción a Gálatas, Efesios y Filipenses -- Carta a los Gálatas. Texto y comentarios -- Carta a los Efesios. Texto y comentarios -- Carta a los Filipenses.
653 _aComentario bíblico
653 _aGálatas
653 _aEfesios
653 _aFilipenses
700 1 _aOden, Thomas C., (Editor)
942 _cBK
945 _aEstudiante
999 _c45254
_d45254